| 000 | 01038nam a2200241 i 4500 | ||
|---|---|---|---|
| 001 | 53433 | ||
| 003 | ES-MaACL | ||
| 005 | 20250918063026.0 | ||
| 007 | t| | ||
| 008 | 031024s1838 sp ||||1| spa d | ||
| 080 | _a821.134.2-31"18" | ||
| 100 | 1 |
_aEstébanez Calderón, Serafín, _d1799-1867 _948084 |
|
| 245 | 1 | 0 |
_aCrsitianos y moriscos _b: novela lastimosa / _csu autor, El Solitario. |
| 260 |
_aMadrid : _b[s.n.], _c1838 ( _fImp. de D. León Amarita) |
||
| 300 |
_aXV, 149 p. ; _c15 cm. |
||
| 490 | 1 | _aColección de novelas originales españolas | |
| 500 | _aEl Solitario es seud. de Serafín Estébanez Calderón. | ||
| 530 | _aDisponible también en sitio web. | ||
| 830 | 0 |
_aColección de novelas originales españolas _9230250 |
|
| 852 |
_aES-MaACL _jZ-243 _xOlim: G-522 _d _z.- Anotación manuscrita: "A su amigo Lameyer", El autor |
||
| 856 |
_uhttp://bibliotecadigitalhispanica.bne.es:80/webclient/DeliveryManager?pid=2700913&custom_att_2=simple_viewer _zIr a la página |
||
| 999 |
_c53433 _d53433 |
||